Constantinople through the Ages : The Visible City from Its Foundation to Contemporary Istanbul /

Constantinople Through the Ages aims to map the long and rich history of Constantinople, from its foundations to the present. Starting point is the 'visible city'; the ways in which continuity and change in history are still observable in present-day Istanbul. The contributors, each of the...

وصف كامل

محفوظ في:

مؤلفون آخرون: Burgersdijk, Diederik (المحرر), Gerritsen, Fokke (المحرر), Waal, Willemijn (المحرر)

التنسيق: كتاب الكتروني

اللغة: English

منشور في: Leiden ; Boston : Brill, 2025.

سلاسل: Classical Studies E-Books Online, Collection 2024.
Cultural Interactions in the Mediterranean ; 8.

الموضوعات:

الوصول للمادة أونلاين: Login to view Source

الوسوم: إضافة وسم

لا توجد وسوم, كن أول من يضع وسما على هذه التسجيلة!

رقم الطلب: Z6207.G7 DE3

LEADER 02699nam a22005298i 4500
001 BRILL9789004710986
003 nllekb
005 20250308131532.0
006 m d
007 cr un uuuua
008 240912s2025 gw sb 001 0 eng d
010 |a  2024040695 
020 |a 9789004710986  |q (electronic book) 
020 |z 9789004710979  |q (print) 
024 7 |a 10.1163/9789004710986  |2 DOI 
035 |z (OCoLC)1440216943 
040 |a NL-LeKB  |c NL-LeKB  |e rda 
041 |a eng 
050 4 |a Z6207.G7 DE3 
072 7 |a HBLA1  |2 bicssc 
072 7 |a HIS  |x 002000  |2 bisacsh 
072 7 |a HIS  |x 039000  |2 bisacsh 
082 0 4 |a 025.4/3  |2 23 
245 1 0 |a Constantinople through the Ages :  |b The Visible City from Its Foundation to Contemporary Istanbul /  |c edited by Diederik Burgersdijk, Fokke Gerritsen, Willemijn Waal. 
246 3 |a The Visible City from Its Foundation to Contemporary Istanbul 
264 1 |a Leiden ;  |a Boston :  |b Brill,  |c 2025. 
264 4 |c ©2025 
300 |a 1 online resource (424 pages) :  |b illustrations. 
336 |a text  |b txt  |2 rdacontent 
337 |a computer  |b c  |2 rdamedia 
338 |a online resource  |2 rdacarrier 
490 1 |a Classical Studies E-Books Online, Collection 2024 
490 1 |a Cultural Interactions in the Mediterranean ;  |v 8 
504 |a Includes bibliographical references and index. 
520 |a Constantinople Through the Ages aims to map the long and rich history of Constantinople, from its foundations to the present. Starting point is the 'visible city'; the ways in which continuity and change in history are still observable in present-day Istanbul. The contributors, each of them foremost experts in their fields, address the interaction between the different layers of time from various sources and perspectives. They explore how later inhabitants received and appropriated the legacy of their predecessors, and how the city's tangible and intangible heritage has been perceived and (ab)used in both the past and the present. See Less 
546 |a English 
588 |a Description based on print version record. 
650 0 |a Classical Studies. 
700 1 |a Burgersdijk, Diederik,  |e editor. 
700 1 |a Gerritsen, Fokke,  |e editor. 
700 1 |a Waal, Willemijn,  |e editor. 
776 0 8 |i Print version:  |t Constantinople through the Ages : The Visible City from Its Foundation to Contemporary Istanbul.  |d Leiden ; Boston : Brill, 2025.  |z 9789004710979  |w (DLC) 2024040694 
830 0 |a Classical Studies E-Books Online, Collection 2024. 
830 0 |a Cultural Interactions in the Mediterranean ;  |v 8. 
856 4 |z DOI:   |u http://dx.doi.org/10.1163/9789004710986 
942 |2 lcc  |c EBOOK 
999 |c 59973  |d 59973